Cosechas, molinos y mercados: la economía del arroz en Panamá /
Este trabajo, titulado "Cosechas, molinos y mercados: la economía del arroz en Panamá", ofrece un análisis profundo y detallado sobre la industria arrocera en Panamá. El estudio, realizado en colaboración por Julio C. Mora, Danilo Herrera y Robin Bourgeois en conjunto con el Instituto Inte...
Sparad:
| Huvudupphovsman: | |
|---|---|
| Institutionell upphovsman: | |
| Övriga upphovsmän: | , |
| Materialtyp: | Bok |
| Språk: | Spanish |
| Publicerad: |
San José, Costa Rica
IICA
1994
|
| Serie: | Serie Publicaciones Misceláneas
n° A1/SC-94-28 |
| Ämnen: | |
| Taggar: |
Lägg till en tagg
Inga taggar, Lägg till första taggen!
|
MARC
| LEADER | 00000nam a22000007a 4500 | ||
|---|---|---|---|
| 003 | cru CIDCACS/IIS | ||
| 005 | 20230902201632.0 | ||
| 007 | ta | ||
| 008 | 161007b1994 cr ||||| |||| 00| 0 spa d | ||
| 040 | |c CRAI/IIS |a CRAI/IIS | ||
| 090 | |a 07.04.01 I59c | ||
| 100 | 1 | |9 114 |a Mora V., Julio C. | |
| 245 | 1 | |a Cosechas, molinos y mercados: |b la economía del arroz en Panamá / |c Julio C. Mora, Danilo Herrera, Robin Bourgeois | |
| 246 | 1 | 2 | |a Programa I: |b análisis y planificación de la política agraria, |f 1994 |
| 260 | |a San José, Costa Rica |b IICA |c 1994 | ||
| 300 | |a 84 páginas : |b tablas | ||
| 440 | |9 116 |a Serie Publicaciones Misceláneas |v n° A1/SC-94-28 |x 05345391 | ||
| 520 | 3 | |a Este trabajo, titulado "Cosechas, molinos y mercados: la economía del arroz en Panamá", ofrece un análisis profundo y detallado sobre la industria arrocera en Panamá. El estudio, realizado en colaboración por Julio C. Mora, Danilo Herrera y Robin Bourgeois en conjunto con el Instituto Interamericano de Cooperación para la Agricultura, examina diversos aspectos de la cadena de producción y comercialización del arroz en el país. El enfoque se centra en las cosechas, la transformación del arroz en molinos y su posterior inserción en los mercados. Mediante un análisis integral, el estudio busca comprender las dinámicas económicas, sociales y comerciales que influyen en esta industria crucial para la seguridad alimentaria y la economía de Panamá. RAR 01/2023 | |
| 650 | 0 | 0 | |2 OCDE |9 2051 |a AGRICULTURA SOSTENIBLE |
| 650 | 0 | 0 | |2 OCDE |9 630 |a SEGURIDAD ALIMENTARIA |
| 650 | 0 | 0 | |2 OCDE |9 5067 |a ECONOMIA AGRICOLA |
| 650 | 0 | 0 | |2 OCDE |9 1088 |a COMERCIALIZACION |
| 650 | 0 | 0 | |2 UNESCO |9 1123 |a DESARROLLO RURAL |
| 650 | 0 | 0 | |2 UNESCO |9 2019 |a ECONOMIA AGRARIA |
| 700 | 1 | |9 118 |a Herrera, Danilo |e colaborador | |
| 700 | 1 | |9 119 |a Bourgeois, Robin |e colaborador | |
| 710 | 1 | |9 117 |a Instituto Interamericano de Cooperación para la Agricultura | |
| 942 | |2 ddc |c LI | ||
| 999 | |c 18581 |d 18581 | ||
